Влияние газового заполнения на теплопроводность пористой керамики; Энергетика: экология, надежность, безопасность; Т. 1

Dettagli Bibliografici
Parent link:Энергетика: экология, надежность, безопасность: материалы докладов седьмой Всероссийской научно-технической конференции, Томск, 5-7 декабря 2001 г./ Томский политехнический университет ; Российский фонд фундаментальных исследований ; Международная энергетическая академия ; Международная академия наук экологии и безопасности жизнедеятельности ; Томская область, Администрация.— , 2001-
Т. 1.— 2001.— С. 99-102.
Autore principale: Макеев А. А. Анатолий Анатольевич
Altri autori: Фисенко Р. Н. Роман Николаевич
Lingua:russo
Pubblicazione: 2001
Soggetti:
Natura: MixedMaterials Capitolo di libro
KOHA link:https://koha.lib.tpu.ru/cgi-bin/koha/opac-detail.pl?biblionumber=81605

MARC

LEADER 00000naa2a2200000 4500
001 81605
005 20231031095234.0
035 |a (RuTPU)RU\TPU\book\87714 
090 |a 81605 
100 |a 20050922d2001 k y0rusy50 ca 
101 0 |a rus 
102 |a RU 
200 1 |a Влияние газового заполнения на теплопроводность пористой керамики  |f А. А. Макеев, Р. Н. Фисенко 
320 |a Библиогр.: 5 назв. 
461 1 |0 (RuTPU)RU\TPU\book\73537  |t Энергетика: экология, надежность, безопасность  |o материалы докладов седьмой Всероссийской научно-технической конференции, Томск, 5-7 декабря 2001 г.  |o в 2 т.  |f Томский политехнический университет ; Российский фонд фундаментальных исследований ; Международная энергетическая академия ; Международная академия наук экологии и безопасности жизнедеятельности ; Томская область, Администрация  |d 2001- 
463 0 |0 (RuTPU)RU\TPU\book\73091  |t Т. 1  |v С. 99-102.  |d 2001  |p 295 с. 
610 1 |a керамика 
610 1 |a теплопроводность 
610 1 |a пеностекло 
610 1 |a газы 
610 1 |a труды учёных ТПУ 
700 1 |a Макеев  |b А. А.  |c российский ученый в области теплоэнергетики  |c кандидат технических наук, доцент Томского политехнического университета  |f 1946-2008  |g Анатолий Анатольевич  |2 stltpush  |3 (RuTPU)RU\TPU\pers\24963 
701 1 |a Фисенко  |b Р. Н.  |c специалист в области теплотехники  |c инженер Томского политехнического университета  |f 1976-  |g Роман Николаевич  |2 stltpush  |3 (RuTPU)RU\TPU\pers\28620 
801 1 |a RU  |b 63413507  |c 20050922  |g PSBO 
801 2 |a RU  |b 63413507  |c 20161206  |g RCR 
942 |c BK